000 03135cam a2200277 4500500
005 20260405004846.0
041 _afre
042 _adc
100 1 0 _aBelaisch-Allart, Joëlle
_eauthor
245 0 0 _aL’accès à l’assistance médicale à la reproduction pour les couples de femmes et les femmes seules : le questionnement des cliniciens
260 _c2022.
500 _a4
520 _aAfter a very long gestation, the Bioethics French law was finally promulgated on August 2021.In theory, female couples and single women (unmarried women in the law) will be able to be taken care of, this was the flagship measure of law and has eclipsed all other points. In practice, these women consult their gynecologists or ART centers who refer them to the nearest Cecos to obtain the precious sperm straw or directly they consult Cecos. Before the law, heterosexual couples requiring the use of a sperm donation waited 1 year or more, the current average time estimated by the Biomedicine Agency is now around 13.6 months. If sperm donors seem to have increased in 2021 and early 2022, what will happen on September 1, 2022 when only donors accepting the lifting of anonymity will be accepted? If French donors behave like those in other countries where anonymity has been lifted, they will initially decrease!
520 _aapres une très longue gestation, la loi dite de bioéthique a été enfin promulguée le 2 août 2021. En théorie, les couples de femmes et les femmes seules – dénommées « femmes non mariées » dans la loi – pourront être prises en charge : c’était la mesure phare de la loi, celle qui a éclipsé toutes les autres. En pratique, ces femmes s’adressent à leur gynécologue ou à un centre d’assistance médicale à la reproduction, qui les dirige au centre d’étude et de conservation des ovocytes et du sperme humain (Cecos) le plus proche, pour obtenir la précieuse paillette de sperme, soit encore directement à un Cecos. Avant la promulgation de la loi, les couples hétérosexuels ayant recours à un don de sperme attendaient un an, voire plus : le délai moyen actuel estimé par l’Agence de biomédecine est de l’ordre de 13,6 mois. Si le nombre des donneurs de sperme semblent avoir augmenté en 2021 et début 2022 qu’en sera-t-il dès le 1er septembre 2022, lorsque seuls les donneurs acceptant la levée de l’anonymat seront acceptés ? Si les donneurs français se comportent comme ceux des autres pays dans lesquels l’anonymat a été levé, leur contingent risque, dans un premier temps, de diminuer !
690 _aassistance médicale à la reproduction (AMP)
690 _acouple de femmes
690 _afemme non mariée
690 _afemme seule
690 _aloi de bioéthique
690 _aassisted reproductive technologies (ART)
690 _afemale couples
690 _aFrench bioethics law
690 _asingle women
786 0 _nMédecine de la Reproduction | 24 | 3 | 2022-07-01 | p. 295-300 | 2650-8427
856 4 1 _uhttps://stm.cairn.info/revue-medecine-de-la-reproduction-2022-3-page-295?lang=fr&redirect-ssocas=7080
999 _c2078891
_d2078891